Die Tierfunde aus den Grabungen von 2000-2009 : ein Beitrag zur Umwelt- und Kulturgeschichte einer oberagyptischen Stadt von der paranoischen Spat- bis in die Mameluckenzeit /

محفوظ في:

المؤلف الرئيسي: Sigl, Johanna. (المبتكر)

مؤلف مشترك: Schweizerisches Institut fur Agyptische Bauforschung und Altertumskunde.

التنسيق: أطروحة كتاب

اللغة: German

منشور في: Gladbeck : PeWe-Verlag 2017

سلاسل: Syene 2.
Beitrage zur agyptischen Bauforschung und Altertumskunde 19.

الموضوعات:

الوسوم: إضافة وسم

لا توجد وسوم, كن أول من يضع وسما على هذه التسجيلة!

رقم الطلب: (F)NA215 .B4 v.19

LEADER 01266cam a2200301Mi 4500
001 on1041422586
003 OCoLC
005 20240304023027.0
008 180226s2017 gw m 000 0 ger d
020 |a 3935012225  |q (rel.) 
020 |a 9783935012225  |q (rel.) 
050 4 |a (F)NA215  |b .B4 v.19 
100 1 |a Sigl, Johanna.  |4 cre 
245 1 4 |a Die Tierfunde aus den Grabungen von 2000-2009 :  |b ein Beitrag zur Umwelt- und Kulturgeschichte einer oberagyptischen Stadt von der paranoischen Spat- bis in die Mameluckenzeit /  |c Johanna Sigl. 
264 1 |a Gladbeck :  |b PeWe-Verlag  |c 2017 
300 |a 305 pages :  |b illustrations, maps ;  |c 35 cm. +  |e 1 CDRom 
336 |a text  |b txt  |2 rdacontent 
337 |a unmediated  |b n  |2 rdamedia 
338 |a volume  |b nc  |2 rdacarrier 
490 1 |a Beitrage zur agyptischen Bauforschung und Altertumskunde  |v Band 19 
490 1 |a Syene  |v 2 
502 |a Ex. commercial de la these tenue a Ludwig-Maximilians-Universitat Munchen, 2014. 
650 0 |a Animal remains (Archaeology)  |z Egypt  |z Aswan. 
651 0 |a Aswan (Egypt)  |x Antiquities. 
710 2 |a Schweizerisches Institut fur Agyptische Bauforschung und Altertumskunde. 
830 0 |a Syene  |v 2. 
830 0 |a Beitrage zur agyptischen Bauforschung und Altertumskunde  |v 19. 
999 |c 57186  |d 57186